000 00595cam a2200181 4500500
005 20260405003800.0
041 _afre
042 _adc
100 1 0 _aLegros, Martin
_eauthor
245 0 0 _aJ’y pense et puis je lis… “Vers le réel”, d’Emmanuel Carrère
260 _c2023.
500 _a67
690 _aEmmanuel Carrère
690 _aIris Murdoch
690 _aMartin Legros
786 0 _nPhilosophie magazine | 173 | 10 | 2023-10-01 | p. 54-54 | 1951-1787
856 4 1 _uhttps://shs.cairn.info/magazine-philosophie-magazine-2023-10-page-54?lang=fr&redirect-ssocas=7080
999 _c2070791
_d2070791